Score 0/20 Timer 04:00
2 Plays Today
Hint Answer % Correct
Robert De NiroMeet
98.2%
Joe PesciCousin
91.6%
Joe PesciHome
90.4%
Ray LiottaField
90%
Robert De NiroLinings
85.1%
Joe PesciRaging
84.7%
Robert De NiroDrum
83.6%
Lorraine BraccoCars
74.6%
Robert De NiroAnalyze
71.8%
Robert De NiroBrown
65.2%
Hint Answer % Correct
Joe PesciEasy
36.6%
Lorraine BraccoLove
27.1%
Ray LiottaSlow
25.1%
Lorraine BraccoBeing
21.7%
Ray LiottaHogs
16.6%
Ray LiottaMoney
11.4%
Ray LiottaUnlawful
11%
Joe PesciShepherd
10.7%
Lorraine BraccoMorning
2.6%
Lorraine BraccoLadies
2.5%

Today's Daily Dose

Missing Word
I Hardly Know Her!

Word Ladder
Sentence Ending

Quick Pick
Female Firsts

Get the Picture
Triathlon Sports

Remove Ads.
Support Sporcle.
Get the best of Sporcle when you Go Orange. This ad-free experience offers more features, more stats, and more fun while also helping to support Sporcle. Thank you for becoming a member.

You're not logged in!

Compare scores with friends on all Sporcle quizzes.
OR
Log In

Show Comments

Extras

Top Quizzes Today


Score Distribution

Your Account Isn't Verified!

In order to create a playlist on Sporcle, you need to verify the email address you used during registration. Go to your Sporcle Settings to finish the process.

Report this User

Report this user for behavior that violates our Community Guidelines.

Details: